|
|
|
|
| LEADER |
00000nas a2200000 a 4500 |
| 001 |
ssj0025368 |
| 003 |
WaSeSS |
| 005 |
20200512172242.0 |
| 006 |
m d |
| 007 |
cr n |
| 008 |
021217c19859999oncmx pss 0 0eng c |
| 010 |
|
|
|a 2008247677
|
| 016 |
|
|
|a 850352053
|
| 016 |
7 |
|
|a 100927559
|2 DNLM
|
| 022 |
|
|
|y 0829-2809
|
| 030 |
|
|
|a PHRPEA
|
| 035 |
|
|
|a (WaSeSS)ssj0025368
|
| 040 |
|
|
|a OKS
|b eng
|c OKS
|d OCLCQ
|d SBH
|d OCLCQ
|d OCLCF
|d OCLCO
|d OCLCQ
|d OCLCO
|d OCLCQ
|d AU@
|d OCLCO
|d WYU
|d OCLCO
|d OCLCA
|d VT2
|d U3W
|d OCLCO
|d OCLCA
|d WaSeSS
|
| 042 |
|
|
|a pcc
|
| 043 |
|
|
|a n-cn---
|
| 082 |
0 |
4 |
|a 615.1
|2 21
|
| 130 |
0 |
|
|a Pharmacy practice (Mississauga, Ont. : Online)
|
| 245 |
1 |
0 |
|a Pharmacy practice
|h [electronic resource].
|
| 260 |
|
|
|a [Mississauga, Ont.] :
|b [Trimel Communications],
|c [1985-]
|
| 310 |
|
|
|a Ten times a year,
|b 1992-
|
| 321 |
|
|
|a Nine times a year,
|b 1985-1991
|
| 362 |
1 |
|
|a Print began with vol. 1, no. 1 (Feb. 1985).
|
| 500 |
|
|
|a Pharmacy practice is 1 of 4 titles available through the Pharmacy Gateway website.
|
| 500 |
|
|
|a Imprint varies.
|
| 506 |
|
|
|a License restrictions may limit access.
|
| 538 |
|
|
|a Mode of access: World Wide Web.
|
| 588 |
|
|
|a Description based on print version record.
|
| 588 |
|
|
|a Latest issue consulted: July-Aug. 2008 (Pharmacy Gateway, viewed Aug. 21, 2008).
|
| 650 |
|
0 |
|a Pharmacists
|v Periodicals.
|
| 650 |
|
0 |
|a Pharmacy
|v Periodicals.
|
| 650 |
|
7 |
|a Pharmacists.
|2 fast
|0 (OCoLC)fst01060218
|
| 650 |
|
7 |
|a Pharmacy.
|2 fast
|0 (OCoLC)fst01060285
|
| 650 |
|
2 |
|a Pharmacy.
|
| 650 |
|
2 |
|a Pharmacies.
|
| 655 |
|
0 |
|a Electronic journals.
|
| 776 |
0 |
8 |
|i Print version:
|t Pharmacy practice (Mississauga, Ont.)
|x 0829-2809
|w (DLC)cn 85035205
|w (OCoLC)12873913
|
| 856 |
4 |
0 |
|z Full text available from Research Library: 01/01/2002 to 04/30/2006
|u https://search.proquest.com/publication/25799
|
| 856 |
4 |
0 |
|z Full text available from Research Library: 09/01/2010 to 12/31/2013
|u https://search.proquest.com/publication/25799
|